Applied longitudinal data analysis for epidemiology : a practical guide

Αποθηκεύτηκε σε:
Λεπτομέρειες βιβλιογραφικής εγγραφής
Κύριος συγγραφέας: Twisk, Jos W. R. 1962-
Μορφή: Βιβλίο
Γλώσσα:English
Δημοσίευση: Cambridge, UK; New York : Cambridge University Press, 2003
Θέματα:
Ετικέτες: Προσθήκη ετικέτας
Δεν υπάρχουν, Καταχωρήστε ετικέτα πρώτοι!

MARC

LEADER 00000nam a2200000 i 4500
001 1/48501
008 070718s20032006 eng d
020 |a 978-0521-52580-0 
020 |a 0-521-52580-2 
035 |l 10088933 
040 |a GR-MY-UA  |b gre  |e aacr 
041 0 |a eng 
082 0 |a 614.40727  |2 (22) 
100 1 |a Twisk, Jos W. R.  |d 1962- 
245 1 0 |a Applied longitudinal data analysis for epidemiology :  |b a practical guide /  |c Jos W.R. Twisk 
260 |a Cambridge, UK; New York :   |b Cambridge University Press,   |c 2003 
300 |a xvi, 301 σ.;  |b εικ.;  |c 25 εκ. 
500 |a Το Παράρτημα Σάμου διαθέτει την πρώτη έκδοση, (εκτύπωση) 2006 
504 |a Περιέχει βιβλιογραφικές παραπομπές (σ. 286-294) και ευρετήριο 
650 0 0 |a Epidemiology  |x Research  |x Statistical methods. 
650 0 0 |a Epidemiology  |x Longitudinal studies. 
650 0 0 |a Epidemiology  |x Statistical methods. 
852 |a INST  |b LESVOS  |e 20070718  |h 614.40727 TWI  |p 005100041413  |q 005100041413  |t BK  |y 0 
852 |a INST  |b SAMOS  |e 20080215  |h 614.40727 TWI  |p 005300026865  |q 005300026865  |t BK  |y 0 
901 |a BIBL3-2008-1 
901 |a BIBL1-2007-2 
909 |a Σ  |b 142361 
909 |a Λ  |b 135922 
922 |a 3ΕΛΗ  |b 200712  |c ΕΠΕΑΕΚ2/ΤΜΗΜΑ ΜΑΘΗΜΑΤΙΚΩΝ  |d ΕΛΕΥΘΕΡΟΥΔΑΚΗΣ 
922 |a 1ΕΛΗ  |b 200706  |c ΕΠΕΑΕΚ2/ΤΓ  |d ΕΛΕΥΘΕΡΟΥΔΑΚΗΣ 
970 |a ΚΑΡΑ  |b ΓΙΑΣΕΜΗ  |z 2007/07/18